000 00727nam a2200193Ia 4500
003 GCL
008 140319s9999 xx 000 0 ara d
040 _aGCL /
_cGCL
082 0 4 _aد
_b050
100 1 _aامين عبدالله محمود
245 1 0 _aمشاريع الاستيطان اليهودى من قيام الثورة الفرنسية حتى نهاية الحرب العالمية الاولى (عالم المعرفة 74) /
_cامين عبدالله محمود
300 _a296 ص
490 _aعالم المعرفة
_v0
650 0 4 _aالاستعمار
650 0 4 _aالاحتلال العسكرى
650 0 4 _aهجرة اليهود الى فلسطين
650 0 4 _aالاستيطان
942 _2ddc
_cBK
999 _c50433
_d50433